| 000 | 00488cam a2200181ua 4500 | ||
|---|---|---|---|
| 020 | _cRs 23.50 | ||
| 041 |
_aeng _h |
||
| 082 |
_a028.71624 _bKHA/IN |
||
| 100 | _aKhanna, P N . | ||
| 245 |
_aIndian practical civil engineers handbook / _cP N Khanna. _hTextual Documents |
||
| 250 |
_a4 / _b. |
||
| 260 |
_a : _bStandards everyday reference book for all engineers , _c1973. |
||
| 300 | _a2100 ; . | ||
| 365 | _aRs 23.50 | ||
| 504 | _a | ||
| 942 | _cBK | ||
| 999 |
_c3854 _d3854 |
||